| 000 | 00389nam a2200157Ia 4500 | ||
|---|---|---|---|
| 008 | 190328s9999||||xx |||||||||||||| ||und|| | ||
| 020 | _a9788171981267 | ||
| 082 |
_a320 _bGAU/A |
||
| 100 | _a Gauba, O.P. | ||
| 245 | 3 | _aAn Introduction to Political Theory | |
| 250 | _a9th | ||
| 260 |
_aIndrapuram _bMayur Paperbacks _c2017 |
||
| 300 | _a685 | ||
| 650 | _aPolitical Science | ||
| 942 | _cBK | ||
| 999 |
_c4296 _d4296 |
||